[Event "DVM U20 2021"]
[Site "Kiel GER"]
[Date "2022.07.24"]
[Round "3"]
[White "Rothenberg, Jannik"]
[Black "Steinbach, Julian"]
[Result "0-1"]
[Termination "normal"]
[Board "7.5"]
[WhiteElo "1889"]
[BlackElo "1685"]
[WhiteClock "00:02:15"]
[BlackClock "00:33:28"]
[WhiteTeam "Post SV Uelzen"]
[BlackTeam "SK Doppelbauer Kiel"]
[PlyCount "92"]
[WhiteFideId "16204743"]
[BlackFideId "16247973"]
[EventCountry "GER"]
[EventRounds "7"]
[EventType "team-swiss"]
[EventDate "2022.07.22"]

1. d4 {[%clk 01:30:57]} {[%emt 09:09:50]} d6 {[%clk 01:30:57]} 2. Nf3 {[%clk
01:31:02]} Nd7 {[%clk 01:31:21]} 3. e4 {[%clk 01:29:47]} e5 {[%clk 01:31:45]}
4. c4 {[%clk 01:27:17]} Ngf6 {[%clk 01:32:02]} 5. Nc3 {[%clk 01:27:30]} Be7
{[%clk 01:32:20]} 6. Be2 {[%clk 01:26:59]} O-O {[%clk 01:31:50]} 7. O-O {[%clk
01:26:24]} Re8 {[%clk 01:32:15]} 8. Qc2 {[%clk 01:25:45]} c6 {[%clk 01:32:09]}
9. h3 {[%clk 01:25:15]} Qc7 {[%clk 01:32:01]} 10. Be3 {[%clk 01:24:50]} a5
{[%clk 01:30:06]} 11. Rfd1 {[%clk 01:18:57]} exd4 {[%clk 01:28:46]} 12. Nxd4
{[%clk 01:17:11]} {[%emt 00:00:03]} Nc5 {[%clk 01:25:57]} {[%emt 00:02:52]} 13.
Rd2 {[%clk 01:06:52]} {[%emt 00:10:48]} Bf8 {[%clk 01:24:31]} {[%emt 00:01:56]}
14. Bf3 {[%clk 01:02:01]} {[%emt 00:05:20]} Qe7 {[%clk 01:14:54]} {[%emt
00:10:09]} 15. Nf5 {[%clk 00:50:37]} {[%emt 00:11:54]} Qe6 {[%clk 01:06:10]}
{[%emt 00:09:14]} 16. Rad1 {[%clk 00:27:40]} {[%emt 00:23:27]} Ncxe4 {[%clk
01:00:48]} {[%emt 00:05:52]} 17. Nxe4 {[%clk 00:26:53]} {[%emt 00:01:16]} Qxf5
{[%clk 00:59:14]} {[%emt 00:02:05]} 18. Nxd6 {[%clk 00:25:19]} {[%emt
00:02:04]} Qxc2 {[%clk 00:57:59]} {[%emt 00:01:44]} 19. Rxc2 {[%clk 00:25:41]}
{[%emt 00:00:08]} Bxd6 {[%clk 00:57:31]} {[%emt 00:00:58]} 20. Rxd6 {[%clk
00:25:48]} {[%emt 00:00:24]} Be6 {[%clk 00:57:19]} {[%emt 00:00:41]} 21. b3
{[%clk 00:21:35]} {[%emt 00:04:43]} a4 {[%clk 00:55:34]} {[%emt 00:02:16]} 22.
b4 {[%clk 00:21:28]} {[%emt 00:00:37]} Red8 {[%clk 00:53:39]} {[%emt 00:02:25]}
23. Rxd8+ {[%clk 00:19:41]} {[%emt 00:02:17]} Rxd8 {[%clk 00:54:01]} {[%emt
00:00:08]} 24. b5 {[%clk 00:18:49]} {[%emt 00:01:22]} Rc8 {[%clk 00:47:27]}
{[%emt 00:07:04]} 25. bxc6 {[%clk 00:16:13]} {[%emt 00:03:05]} bxc6 {[%clk
00:47:31]} {[%emt 00:00:27]} 26. a3 {[%clk 00:13:52]} {[%emt 00:02:50]} Nd7
{[%clk 00:45:09]} {[%emt 00:02:52]} 27. Rc3 {[%clk 00:01:48]} {[%emt 00:12:35]}
Ne5 {[%clk 00:44:24]} {[%emt 00:01:15]} 28. Be2 {[%clk 00:02:06]} {[%emt
00:00:12]} Rb8 {[%clk 00:44:18]} {[%emt 00:00:36]} 29. f4 {[%clk 00:01:23]}
{[%emt 00:01:13]} Rb1+ {[%clk 00:42:38]} {[%emt 00:02:09]} 30. Kf2 {[%clk
00:01:24]} {[%emt 00:00:29]} Nd7 {[%clk 00:42:51]} {[%emt 00:00:17]} 31. Bf3
{[%clk 00:01:15]} {[%emt 00:00:39]} c5 {[%clk 00:39:50]} {[%emt 00:03:32]} 32.
Bc6 {[%clk 00:01:23]} {[%emt 00:00:22]} Rb3 {[%clk 00:38:35]} {[%emt 00:01:45]}
33. Bd2 {[%clk 00:00:32]} {[%emt 00:01:20]} Nb6 {[%clk 00:35:53]} {[%emt
00:03:13]} 34. Rxb3 {[%clk 00:00:32]} {[%emt 00:00:30]} axb3 {[%clk 00:36:17]}
{[%emt 00:00:06]} 35. Ke2 {[%clk 00:00:32]} {[%emt 00:00:31]} Bf5 {[%clk
00:32:06]} {[%emt 00:04:39]} 36. Bc3 {[%clk 00:00:34]} {[%emt 00:00:29]} Nxc4
{[%clk 00:31:42]} {[%emt 00:00:53]} 37. a4 {[%clk 00:00:34]} {[%emt 00:00:31]}
b2 {[%clk 00:30:55]} {[%emt 00:01:17]} 38. Bxb2 {[%clk 00:00:56]} {[%emt
00:00:07]} Nxb2 {[%clk 00:31:23]} {[%emt 00:00:02]} 39. Kd2 {[%clk 00:00:33]}
{[%emt 00:00:54]} Nc4+ {[%clk 00:31:32]} {[%emt 00:00:21]} 40. Kc3 {[%clk
00:00:52]} {[%emt 00:00:11]} Na5 {[%clk 00:31:44]} {[%emt 00:00:17]} 41. g4
{[%clk 00:01:02]} {[%emt 00:00:20]} Nxc6 {[%clk 00:31:43]} {[%emt 00:00:31]}
42. gxf5 {[%clk 00:00:54]} {[%emt 00:00:38]} Na5 {[%clk 00:31:58]} {[%emt
00:00:16]} 43. Kd3 {[%clk 00:01:17]} {[%emt 00:00:06]} Kf8 {[%clk 00:32:20]}
{[%emt 00:00:08]} 44. Ke4 {[%clk 00:01:40]} {[%emt 00:00:07]} Ke7 {[%clk
00:32:43]} {[%emt 00:00:07]} 45. Kd5 {[%clk 00:02:05]} {[%emt 00:00:05]} c4
{[%clk 00:33:09]} {[%emt 00:00:04]} 46. Kd4 {[%clk 00:02:15]} {[%emt 00:00:19]}
Kf6 {[%clk 00:33:28]} {[%emt 00:00:13]} 0-1

[Event "DVM U20 2021"]
[Site "Kiel GER"]
[Date "2022.07.24"]
[Round "4"]
[White "Engel, Luis"]
[Black "Suvorov, Alexander"]
[Result "1-0"]
[Termination "normal"]
[Board "1.1"]
[WhiteTitle "GM"]
[BlackTitle "FM"]
[WhiteElo "2558"]
[BlackElo "2371"]
[WhiteClock "00:14:33"]
[BlackClock "00:03:34"]
[WhiteTeam "Hamburger SK von 1830 eV"]
[BlackTeam "Schachgemeinschaft Porz e. V."]
[PlyCount "103"]
[WhiteFideId "12961523"]
[BlackFideId "12977063"]
[EventCountry "GER"]
[EventRounds "7"]
[EventType "team-swiss"]
[EventDate "2022.07.22"]

1. e4 {[%clk 01:30:58]} {[%emt 00:38:52]} e5 {[%clk 01:30:48]} {[%emt
00:00:14]} 2. Nf3 {[%clk 01:30:07]} {[%emt 00:01:19]} Nc6 {[%clk 01:31:01]}
{[%emt 00:00:16]} 3. Bb5 {[%clk 01:30:31]} {[%emt 00:00:05]} a6 {[%clk
01:31:17]} {[%emt 00:00:14]} 4. Ba4 {[%clk 01:30:57]} {[%emt 00:00:04]} d6
{[%clk 01:30:31]} {[%emt 00:01:15]} 5. O-O {[%clk 01:30:35]} {[%emt 00:00:52]}
Bd7 {[%clk 01:29:57]} {[%emt 00:01:04]} 6. c3 {[%clk 01:29:36]} {[%emt
00:01:29]} g6 {[%clk 01:30:07]} {[%emt 00:00:19]} 7. d4 {[%clk 01:29:23]}
{[%emt 00:00:43]} Bg7 {[%clk 01:30:02]} {[%emt 00:00:35]} 8. Re1 {[%clk
01:29:21]} {[%emt 00:00:32]} Nf6 {[%clk 01:29:11]} {[%emt 00:01:21]} 9. Nbd2
{[%clk 01:27:43]} {[%emt 00:02:08]} b5 {[%clk 01:27:38]} {[%emt 00:02:03]} 10.
Bc2 {[%clk 01:27:25]} {[%emt 00:00:47]} O-O {[%clk 01:27:11]} {[%emt 00:00:58]}
11. h3 {[%clk 01:26:08]} {[%emt 00:01:48]} Re8 {[%clk 01:25:33]} {[%emt
00:02:08]} 12. Nf1 {[%clk 01:18:16]} {[%emt 00:08:22]} Na5 {[%clk 01:20:34]}
{[%emt 00:05:29]} 13. Ng3 {[%clk 01:16:59]} {[%emt 00:01:47]} c5 {[%clk
01:13:39]} {[%emt 00:07:25]} 14. d5 {[%clk 01:16:52]} {[%emt 00:00:37]} c4
{[%clk 01:09:47]} {[%emt 00:04:22]} 15. Be3 {[%clk 01:13:52]} {[%emt 00:03:30]}
h6 {[%clk 00:46:43]} {[%emt 00:23:34]} 16. Qd2 {[%clk 01:07:56]} {[%emt
00:06:26]} Kh7 {[%clk 00:46:32]} {[%emt 00:00:40]} 17. Nh2 {[%clk 01:06:49]}
{[%emt 00:01:38]} Nb7 {[%clk 00:38:25]} {[%emt 00:08:37]} 18. f4 {[%clk
01:04:16]} {[%emt 00:03:02]} exf4 {[%clk 00:26:14]} {[%emt 00:12:41]} 19. Bxf4
{[%clk 01:04:40]} {[%emt 00:00:06]} Qc7 {[%clk 00:23:42]} {[%emt 00:03:02]} 20.
Be3 {[%clk 00:58:34]} {[%emt 00:06:36]} Re7 {[%clk 00:21:05]} {[%emt 00:03:08]}
21. Bd4 {[%clk 00:52:19]} {[%emt 00:06:44]} Rae8 {[%clk 00:16:01]} {[%emt
00:05:35]} 22. Rf1 {[%clk 00:49:22]} {[%emt 00:03:27]} Ng8 {[%clk 00:14:29]}
{[%emt 00:02:01]} 23. Rf3 {[%clk 00:47:29]} {[%emt 00:02:23]} Be5 {[%clk
00:10:29]} {[%emt 00:04:31]} 24. Raf1 {[%clk 00:47:19]} {[%emt 00:00:40]} f6
{[%clk 00:09:42]} {[%emt 00:01:18]} 25. h4 {[%clk 00:33:05]} {[%emt 00:14:44]}
h5 {[%clk 00:05:26]} {[%emt 00:04:47]} 26. Bxe5 {[%clk 00:27:43]} {[%emt
00:05:52]} Rxe5 {[%clk 00:03:07]} {[%emt 00:02:48]} 27. Rf4 {[%clk 00:27:04]}
{[%emt 00:01:10]} Kg7 {[%clk 00:02:15]} {[%emt 00:01:23]} 28. Nf3 {[%clk
00:27:20]} {[%emt 00:00:13]} R5e7 {[%clk 00:02:06]} {[%emt 00:00:39]} 29. Nd4
{[%clk 00:26:51]} {[%emt 00:00:59]} Re5 {[%clk 00:02:01]} {[%emt 00:00:35]} 30.
Kh1 {[%clk 00:19:52]} {[%emt 00:07:30]} Nc5 {[%clk 00:01:34]} {[%emt 00:00:57]}
31. b4 {[%clk 00:19:09]} {[%emt 00:01:13]} cxb3 {[%clk 00:01:38]} {[%emt
00:00:26]} 32. axb3 {[%clk 00:19:35]} {[%emt 00:00:03]} a5 {[%clk 00:01:32]}
{[%emt 00:00:36]} 33. b4 {[%clk 00:15:34]} {[%emt 00:04:31]} Nb7 {[%clk
00:01:35]} {[%emt 00:00:27]} 34. Bd3 {[%clk 00:15:19]} {[%emt 00:00:44]} Qb6
{[%clk 00:01:29]} {[%emt 00:00:36]} 35. Qf2 {[%clk 00:14:50]} {[%emt 00:00:59]}
Kh7 {[%clk 00:01:06]} {[%emt 00:00:53]} 36. Nxb5 {[%clk 00:10:43]} {[%emt
00:04:37]} Qxf2 {[%clk 00:01:03]} {[%emt 00:00:33]} 37. R4xf2 {[%clk 00:11:05]}
{[%emt 00:00:08]} Rc8 {[%clk 00:00:44]} {[%emt 00:00:49]} 38. Rf3 {[%clk
00:09:33]} {[%emt 00:02:02]} Bg4 {[%clk 00:00:45]} {[%emt 00:00:29]} 39. Re3
{[%clk 00:09:23]} {[%emt 00:00:40]} Bd7 {[%clk 00:00:55]} {[%emt 00:00:19]} 40.
Ra1 {[%clk 00:08:01]} {[%emt 00:01:52]} f5 {[%clk 00:00:53]} {[%emt 00:00:33]}
41. Rf3 {[%clk 00:04:53]} {[%emt 00:03:38]} Bxb5 {[%clk 00:10:41]} {[%emt
00:20:42]} 42. Bxb5 {[%clk 00:35:15]} {[%emt 00:00:08]} axb4 {[%clk 00:07:19]}
{[%emt 00:03:52]} 43. cxb4 {[%clk 00:35:31]} {[%emt 00:00:13]} Nd8 {[%clk
00:06:56]} {[%emt 00:00:53]} 44. exf5 {[%clk 00:35:05]} {[%emt 00:00:56]} gxf5
{[%clk 00:05:43]} {[%emt 00:01:43]} 45. Rxf5 {[%clk 00:28:13]} {[%emt
00:07:22]} Rb8 {[%clk 00:04:56]} {[%emt 00:01:18]} 46. Bd3 {[%clk 00:23:36]}
{[%emt 00:05:06]} Rxf5 {[%clk 00:05:06]} {[%emt 00:00:19]} 47. Ra7+ {[%clk
00:22:29]} {[%emt 00:01:37]} Kg6 {[%clk 00:04:37]} {[%emt 00:00:59]} 48. Nxf5
{[%clk 00:21:06]} {[%emt 00:01:53]} Kf6 {[%clk 00:04:57]} {[%emt 00:00:10]} 49.
Nxd6 {[%clk 00:19:42]} {[%emt 00:01:54]} Rxb4 {[%clk 00:05:08]} {[%emt
00:00:19]} 50. Rd7 {[%clk 00:16:06]} {[%emt 00:04:06]} Rb8 {[%clk 00:04:08]}
{[%emt 00:01:30]} 51. Be2 {[%clk 00:14:33]} {[%emt 00:02:02]} Ke5 {[%clk
00:03:34]} {[%emt 00:01:04]} 52. Rxd8 {[%clk 00:14:33]} {[%emt 00:00:31]} 1-0

[Event "DVM U20 2021"]
[Site "Kiel GER"]
[Date "2022.07.24"]
[Round "4"]
[White "Suvorov, Luca"]
[Black "Woelk, Tom-Frederic"]
[Result "1-0"]
[Termination "normal"]
[Board "1.2"]
[WhiteTitle "FM"]
[BlackTitle "FM"]
[WhiteElo "2308"]
[BlackElo "2314"]
[WhiteClock "00:03:52"]
[BlackClock "00:02:11"]
[WhiteTeam "Schachgemeinschaft Porz e. V."]
[BlackTeam "Hamburger SK von 1830 eV"]
[PlyCount "59"]
[WhiteFideId "12977071"]
[BlackFideId "12993077"]
[EventCountry "GER"]
[EventRounds "7"]
[EventType "team-swiss"]
[EventDate "2022.07.22"]

1. d4 {[%clk 01:30:16]} {[%emt 00:00:03]} d5 {[%clk 01:31:19]} 2. c4 {[%clk
01:30:19]} e6 {[%clk 01:30:07]} 3. Nc3 {[%clk 01:28:18]} Be7 {[%clk 01:27:01]}
4. cxd5 {[%clk 01:28:41]} exd5 {[%clk 01:27:00]} 5. Bf4 {[%clk 01:29:01]} c6
{[%clk 01:26:16]} 6. e3 {[%clk 01:27:48]} Bf5 {[%clk 01:23:44]} 7. g4 {[%clk
01:22:21]} Be6 {[%clk 01:17:39]} 8. h3 {[%clk 01:14:00]} Nd7 {[%clk 00:49:41]}
9. Be2 {[%clk 00:48:39]} Ngf6 {[%clk 00:48:06]} 10. Nf3 {[%clk 00:37:09]} Ne4
{[%clk 00:38:26]} 11. Nd2 {[%clk 00:34:12]} Nxd2 {[%clk 00:38:38]} 12. Qxd2
{[%clk 00:31:23]} O-O {[%clk 00:27:30]} 13. O-O {[%clk 00:31:00]} f5 {[%clk
00:25:38]} 14. f3 {[%clk 00:29:10]} Rf7 {[%clk 00:25:00]} 15. Bd3 {[%clk
00:26:56]} Nf8 {[%clk 00:16:46]} 16. Ne2 {[%clk 00:25:14]} Ng6 {[%clk
00:16:17]} 17. Bh2 {[%clk 00:22:41]} Qd7 {[%clk 00:10:54]} 18. Nf4 {[%clk
00:19:33]} Nxf4 {[%clk 00:11:09]} 19. Bxf4 {[%clk 00:19:49]} fxg4 {[%clk
00:11:00]} 20. hxg4 {[%clk 00:18:39]} Bd6 {[%clk 00:10:24]} 21. Qh2 {[%clk
00:17:41]} Bxf4 {[%clk 00:08:04]} 22. Bxh7+ {[%clk 00:17:18]} Kf8 {[%clk
00:08:32]} 23. exf4 {[%clk 00:09:37]} g5 {[%clk 00:06:44]} 24. Bf5 {[%clk
00:10:00]} Bxf5 {[%clk 00:06:39]} 25. Qh8+ {[%clk 00:10:21]} Ke7 {[%clk
00:06:40]} 26. Rae1+ {[%clk 00:08:44]} Be4 {[%clk 00:05:51]} 27. Qxa8 {[%clk
00:09:09]} Rxf4 {[%clk 00:02:37]} 28. Qh8 {[%clk 00:07:12]} Rxg4+ {[%clk
00:02:40]} 29. Kf2 {[%clk 00:03:52]} Qf5 {[%clk 00:02:11]} 30. Qh3 1-0

[Event "DVM U20 2021"]
[Site "Kiel GER"]
[Date "2022.07.24"]
[Round "4"]
[White "Holinka, Henning"]
[Black "Gallasch, Jonas"]
[Result "1/2-1/2"]
[Termination "normal"]
[Board "1.3"]
[WhiteElo "2251"]
[BlackElo "2108"]
[WhiteClock "00:29:26"]
[BlackClock "00:23:42"]
[WhiteTeam "Hamburger SK von 1830 eV"]
[BlackTeam "Schachgemeinschaft Porz e. V."]
[PlyCount "84"]
[WhiteFideId "12967084"]
[BlackFideId "16222474"]
[EventCountry "GER"]
[EventRounds "7"]
[EventType "team-swiss"]
[EventDate "2022.07.22"]

1. e4 {[%clk 01:30:58]} e6 {[%clk 01:30:54]} 2. Nc3 {[%clk 01:30:58]} d5 {[%clk
01:30:54]} 3. Qe2 {[%clk 01:30:58]} d4 {[%clk 01:30:54]} 4. Nd1 {[%clk
01:30:58]} c5 {[%clk 01:30:54]} 5. d3 {[%clk 01:30:58]} Nc6 {[%clk 01:30:54]}
6. f4 {[%clk 01:30:58]} e5 {[%clk 01:30:54]} 7. g3 {[%clk 01:30:58]} Bd6 {[%clk
01:30:54]} 8. Nf3 {[%clk 01:30:58]} f6 {[%clk 01:30:54]} 9. Bg2 {[%clk
01:30:58]} Be6 {[%clk 01:30:54]} 10. O-O {[%clk 01:30:58]} Qd7 {[%clk
01:30:54]} 11. Nf2 {[%clk 01:30:58]} Nge7 {[%clk 01:30:54]} 12. f5 {[%clk
01:30:58]} Bf7 {[%clk 01:30:54]} 13. g4 {[%clk 01:30:58]} g5 {[%clk 01:30:54]}
14. h4 {[%clk 01:30:58]} h6 {[%clk 01:30:54]} 15. Bd2 {[%clk 01:30:58]} Nc8
{[%clk 01:30:54]} 16. Nh3 {[%clk 01:30:58]} Be7 {[%clk 01:30:54]} 17. hxg5
{[%clk 01:30:58]} hxg5 {[%clk 01:30:54]} 18. Nfxg5 {[%clk 01:30:58]} fxg5
{[%clk 01:30:54]} 19. Nxg5 {[%clk 01:30:58]} Nd6 {[%clk 01:30:54]} 20. Nxf7
{[%clk 01:30:58]} Nxf7 {[%clk 01:30:54]} 21. f6 {[%clk 01:30:58]} Bf8 {[%clk
01:30:54]} 22. g5 {[%clk 01:30:58]} O-O-O {[%clk 01:30:54]} 23. g6 {[%clk
01:30:58]} Bh6 {[%clk 01:30:54]} 24. gxf7 {[%clk 01:30:58]} Qxf7 {[%clk
01:30:54]} 25. Rf5 {[%clk 01:30:58]} Rdg8 {[%clk 01:30:54]} 26. Bxh6 {[%clk
01:30:58]} Rxh6 {[%clk 01:30:54]} 27. Raf1 {[%clk 01:30:58]} Qh7 {[%clk
00:14:08]} {[%emt 04:08:52]} 28. Qf3 {[%clk 00:23:38]} Rh3 {[%emt 00:04:33]}
29. f7 Rxf3 {[%clk 00:14:33]} 30. fxg8=Q+ Qxg8 {[%clk 00:14:59]} 31. R5xf3
{[%clk 00:19:30]} {[%emt 00:00:36]} Qxa2 {[%clk 00:15:11]} {[%emt 00:00:18]}
32. Bh3+ {[%clk 00:18:18]} {[%emt 00:01:41]} Kc7 {[%clk 00:11:44]} {[%emt
00:03:57]} 33. Rf7+ {[%clk 00:18:00]} {[%emt 00:00:48]} Kb6 {[%clk 00:11:17]}
{[%emt 00:00:56]} 34. Bc8 {[%clk 00:17:20]} {[%emt 00:01:11]} Na5 {[%clk
00:10:00]} {[%emt 00:01:46]} 35. c4 {[%clk 00:10:47]} {[%emt 00:07:03]} a6
{[%clk 00:06:55]} {[%emt 00:03:36]} 36. R7f2 {[%clk 00:05:45]} {[%emt
00:05:31]} Qb3 {[%clk 00:07:05]} {[%emt 00:00:19]} 37. Rd2 {[%clk 00:05:49]}
{[%emt 00:00:25]} Kc7 {[%clk 00:05:35]} {[%emt 00:02:02]} 38. Be6 {[%clk
00:03:56]} {[%emt 00:02:22]} Qb6 {[%clk 00:02:37]} {[%emt 00:03:28]} 39. Rf6
{[%clk 00:02:48]} {[%emt 00:01:39]} Kb8 {[%clk 00:02:30]} {[%emt 00:00:37]} 40.
Rdf2 {[%clk 00:02:45]} {[%emt 00:00:33]} Ka7 {[%clk 00:01:35]} {[%emt
00:01:25]} 41. Bd5 {[%clk 00:30:13]} {[%emt 00:03:02]} Qb3 {[%clk 00:25:59]}
{[%emt 00:06:07]} 42. R6f3 {[%clk 00:29:26]} {[%emt 00:01:17]} Qb6 {[%clk
00:23:42]} {[%emt 00:02:47]} 1/2-1/2

[Event "DVM U20 2021"]
[Site "Kiel GER"]
[Date "2022.07.24"]
[Round "4"]
[White "Perkampus, Laurin"]
[Black "Kotyk, Michael"]
[Result "1/2-1/2"]
[Termination "normal"]
[Board "1.4"]
[WhiteElo "2069"]
[BlackElo "2112"]
[WhiteClock "00:59:34"]
[BlackClock "00:04:00"]
[WhiteTeam "Schachgemeinschaft Porz e. V."]
[BlackTeam "Hamburger SK von 1830 eV"]
[PlyCount "49"]
[WhiteFideId "16232283"]
[BlackFideId "16214501"]
[EventCountry "GER"]
[EventRounds "7"]
[EventType "team-swiss"]
[EventDate "2022.07.22"]

1. d4 {[%clk 01:30:50]} {[%emt 00:00:03]} d5 {[%clk 01:31:26]} 2. c4 {[%clk
01:31:16]} e6 {[%clk 01:31:52]} 3. Nc3 {[%clk 01:31:41]} Nf6 {[%clk 01:32:18]}
4. cxd5 {[%clk 01:32:06]} exd5 {[%clk 01:32:42]} 5. Bg5 {[%clk 01:32:28]} c6
{[%clk 01:33:05]} 6. e3 {[%clk 01:32:53]} Be7 {[%clk 01:33:25]} 7. Bd3 {[%clk
01:33:13]} Nbd7 {[%clk 01:33:45]} 8. Nf3 {[%clk 01:33:34]} O-O {[%clk
01:33:36]} 9. Qc2 {[%clk 01:33:59]} Re8 {[%clk 01:33:55]} 10. O-O {[%clk
01:34:18]} g6 {[%clk 01:32:34]} 11. h3 {[%clk 01:33:01]} Ne4 {[%clk 01:20:59]}
12. Bxe7 {[%clk 01:30:57]} Qxe7 {[%clk 01:18:33]} 13. Rab1 {[%clk 01:27:51]}
Ng5 {[%clk 00:57:30]} 14. Nxg5 {[%clk 01:28:07]} Qxg5 {[%clk 00:57:21]} 15. f4
{[%clk 01:18:16]} Qe7 {[%clk 00:39:22]} 16. Rbe1 {[%clk 01:17:59]} Nf6 {[%clk
00:21:10]} 17. e4 {[%clk 01:12:19]} Qb4 {[%clk 00:13:05]} 18. Qf2 {[%clk
01:12:36]} dxe4 {[%clk 00:13:02]} 19. Nxe4 {[%clk 01:10:44]} Nxe4 {[%clk
00:12:51]} 20. Rxe4 {[%clk 01:07:02]} Rxe4 {[%clk 00:13:15]} 21. Bxe4 {[%clk
00:58:40]} Qa5 {[%clk 00:07:56]} 22. f5 {[%clk 00:58:49]} Bxf5 {[%clk
00:03:45]} 23. Bxf5 {[%clk 00:59:08]} Qxf5 {[%clk 00:04:04]} 24. Qxf5 {[%clk
00:59:34]} gxf5 {[%clk 00:04:00]} 25. Rxf5 1/2-1/2

[Event "DVM U20 2021"]
[Site "Kiel GER"]
[Date "2022.07.24"]
[Round "4"]
[White "Meyling, Lennart"]
[Black "Mohammadi Nia, Borna"]
[Result "1/2-1/2"]
[Termination "normal"]
[Board "1.5"]
[WhiteElo "2097"]
[BlackElo "2129"]
[WhiteClock "00:17:47"]
[BlackClock "00:11:58"]
[WhiteTeam "Hamburger SK von 1830 eV"]
[BlackTeam "Schachgemeinschaft Porz e. V."]
[PlyCount "48"]
[WhiteFideId "12947130"]
[BlackFideId "16207319"]
[EventCountry "GER"]
[EventRounds "7"]
[EventType "team-swiss"]
[EventDate "2022.07.22"]

1. d4 {[%clk 01:30:57]} {[%emt 00:00:03]} Nf6 {[%clk 01:30:57]} {[%emt
00:00:04]} 2. Nf3 {[%clk 01:31:18]} {[%emt 00:00:07]} g6 {[%clk 01:31:16]}
{[%emt 00:00:12]} 3. g3 {[%clk 01:31:42]} {[%emt 00:00:06]} Bg7 {[%clk
01:31:35]} {[%emt 00:00:14]} 4. Bg2 {[%clk 01:32:06]} {[%emt 00:00:04]} d5
{[%clk 01:31:55]} {[%emt 00:00:11]} 5. O-O {[%clk 01:32:29]} {[%emt 00:00:07]}
O-O {[%clk 01:32:20]} {[%emt 00:00:04]} 6. c4 {[%clk 01:32:56]} {[%emt
00:00:04]} c6 {[%clk 01:29:29]} {[%emt 00:03:21]} 7. cxd5 {[%clk 01:30:05]}
{[%emt 00:03:20]} cxd5 {[%clk 01:26:40]} {[%emt 00:03:19]} 8. Nc3 {[%clk
01:28:19]} {[%emt 00:02:16]} Bf5 {[%clk 01:21:35]} {[%emt 00:05:35]} 9. Qb3
{[%clk 01:26:06]} {[%emt 00:02:44]} Qb6 {[%clk 01:11:14]} {[%emt 00:10:52]} 10.
Nxd5 {[%clk 01:20:07]} {[%emt 00:06:28]} Nxd5 {[%clk 01:10:17]} {[%emt
00:01:27]} 11. Qxd5 {[%clk 01:18:18]} {[%emt 00:02:19]} Nc6 {[%clk 01:10:23]}
{[%emt 00:00:25]} 12. Qb3 {[%clk 00:49:33]} {[%emt 00:29:14]} Bxd4 {[%clk
01:00:34]} {[%emt 00:10:18]} 13. Bh6 {[%clk 00:47:47]} {[%emt 00:02:17]} Rfd8
{[%clk 00:42:58]} {[%emt 00:18:06]} 14. Nxd4 {[%clk 00:46:11]} {[%emt
00:02:05]} Nxd4 {[%clk 00:42:58]} {[%emt 00:00:31]} 15. Qxb6 {[%clk 00:46:30]}
{[%emt 00:00:11]} axb6 {[%clk 00:43:24]} {[%emt 00:00:05]} 16. e3 {[%clk
00:32:08]} {[%emt 00:14:51]} Nc6 {[%clk 00:40:27]} {[%emt 00:03:27]} 17. Rfd1
{[%clk 00:31:09]} {[%emt 00:01:29]} Be6 {[%clk 00:31:47]} {[%emt 00:09:10]} 18.
a3 {[%clk 00:27:55]} {[%emt 00:03:44]} Bb3 {[%clk 00:29:22]} {[%emt 00:02:54]}
19. Rdc1 {[%clk 00:27:25]} {[%emt 00:01:00]} Rac8 {[%clk 00:25:50]} {[%emt
00:04:01]} 20. Bf4 {[%clk 00:18:31]} {[%emt 00:09:24]} f6 {[%clk 00:18:27]}
{[%emt 00:07:53]} 21. Rc3 {[%clk 00:17:18]} {[%emt 00:01:43]} Bf7 {[%clk
00:17:29]} {[%emt 00:01:29]} 22. Bxc6 {[%clk 00:17:14]} {[%emt 00:00:34]} bxc6
{[%clk 00:16:42]} {[%emt 00:01:16]} 23. e4 {[%clk 00:17:38]} {[%emt 00:00:06]}
c5 {[%clk 00:15:15]} {[%emt 00:01:57]} 24. Rac1 {[%clk 00:17:47]} {[%emt
00:00:20]} Rd7 {[%clk 00:11:58]} {[%emt 00:03:47]} 1/2-1/2